| 000 | 00663nam a2200217 a 4500 | ||
|---|---|---|---|
| 005 | 20240323063641.0 | ||
| 008 | 011121s1997 mx r 000 0 spa d | ||
| 020 | _a9687668563 | ||
| 035 | _aUPN01000113990 | ||
| 049 | _aI | ||
| 050 | 4 |
_aDG76 _bM3.28 |
|
| 100 | 1 |
_aMcKeever, Susan _938136 |
|
| 245 | 1 | 3 |
_aLa antigüa Roma / _cSusan McKeever ; tr. Ma. Millán. |
| 260 |
_aMéxico : _bCNCA, Dirección General de Publicaciones : _bAutrey, _c1997. |
||
| 300 |
_a160 p. : _bil. col. |
||
| 440 | 0 |
_aMiniguía ; _v1 |
|
| 500 | _a"Un minilibro llenod e información" | ||
| 651 | 4 |
_aROMA - _xANTIGUEDADES _910014 |
|
| 651 | 4 |
_aRoma _xHistoria _910013 |
|
| 905 | _aInfantil | ||
| 999 |
_c87898 _d87898 |
||